000 00516nam a22001817a 4500
003 OSt
005 20140310182150.0
008 130830t xxu||||| |||| 00| 0 eng d
020 _a1856277267
050 _aTX 763
_b.In59 1995
082 _aHS 641.71
_bB13 1995
245 _aInspired baking /
_cedited by Josephine Bacon and Ros Cocks
260 _aLondon :
_bUPS Translations,
_cc1995.
300 _a124 p. :
_bill. : col. ;
_c29 cm.
650 _aCookbook
_xBakery
_915708
942 _2lcc
_cHS
_kHS
999 _c9998
_d9998